书目信息 |
| 题名: |
化学应用统计力学
|
|
| 作者: | 刘光恒 , 戴树珊 编著 | |
| 分册: | ||
| 出版信息: | 北京 科学出版社 2001 |
|
| 页数: | 286页 | |
| 开本: | 26cm | |
| 丛书名: | ||
| 单 册: | ||
| 中图分类: | O6-04 | |
| 科图分类: | ||
| 主题词: | 化学--理论 , 化学--统计力学 | |
| 电子资源: | ||
| ISBN: | 7-03-008945-6 | |
| 000 | 00586nam0 2200205 45 | |
| 001 | 0306161544 | |
| 005 | 20060816111120.90 | |
| 010 | @a7-03-008945-6@dCNY40.00 | |
| 100 | @a20030616d2001 km y0chiy0120 ea | |
| 101 | 0 | @achi |
| 200 | 1 | @a化学应用统计力学@AHua Xue Ying Yong Tong Ji Li Xue@f刘光恒,戴树珊编著@FLiu Guang Heng,Dai Shu Shan Bian Zhu |
| 210 | @a北京@c科学出版社@d2001 | |
| 215 | @a286页@d26cm | |
| 606 | 0 | @a化学@x理论 |
| 606 | 0 | @a化学@x统计力学 |
| 690 | @aO6-04@v4 | |
| 701 | 0 | @a刘光恒@4编著 |
| 701 | 0 | @a戴树珊@4编著 |
| 801 | @aCN@bTSTC@c20060816 | |
| 905 | @dO6-04@e264 | |
| 化学应用统计力学/刘光恒,戴树珊编著.-北京:科学出版社,2001 |
| 286页;26cm |
| ISBN 7-03-008945-6:CNY40.00 |
| ● |
| 相关链接 |
|
|
|
|
正题名:化学应用统计力学
索取号:O6-04/264
 
预约/预借
| 序号 | 登录号 | 条形码 | 馆藏地/架位号 | 状态 | 备注 |
| 1 | 0324005 | 203240055 | 第三借阅区/ [索取号:O6-04/264] | 在馆 | |
| 2 | 0324006 | 203240064 | 第三借阅区/ [索取号:O6-04/264] | 在馆 | |
| 3 | 0324007 | 203240073 | 第三借阅区/ [索取号:O6-04/264] | 在馆 | |
| 4 | 0324008 | 203240082 | 第三借阅区/ [索取号:O6-04/264] | 在馆 | |
| 5 | 0324009 | 203240091 | 第二样本阅览室/ [索取号:O6-04/264] | 在馆 | |
| 6 | 0461862 | 204618627 | 密集书库/ [索取号:O6-04/264] | 在馆 | |
| 7 | 0461863 | 204618636 | 密集书库/ [索取号:O6-04/264] | 在馆 |